動画『【朗読】周央サンゴの新しい呼び名並べてみた【周央サンゴ】』内で紹介されている周央サンゴの新しい呼び名 - Statistics

General Stats
  • This quiz has been taken 15 times
  • The average score is 15 of 80
Answer Stats
Answer % Correct
スペイン人
75%
75%
周防サンゴ
67%
にじさんじ
67%
あれ
58%
58%
女神
58%
三重とずぶずぶの女
58%
これ
50%
それ
50%
壊れたコラショの目覚まし時計
50%
The v-tuber
50%
ユーチューバー?
42%
豊穣の神
42%
スペイン村の人
42%
Vチューバー
42%
噂のVチューバー
42%
周王サンゴ
33%
ピンクのキャラ
33%
ピンクのアニメ
33%
ウェカピポの人
33%
アーニャ
33%
クソガキ
33%
ホイッスル
33%
英雄
33%
救世主
33%
オタク
33%
暴走族神
25%
にじさんじの人
25%
ホロライブの人
25%
エスパーニャの人
25%
最高に面白い女
25%
アニメ
25%
しょうもないVチューバー
25%
人気V
25%
架空のキャラ
17%
おしゃべり系Vチューバー
17%
大手所属V
17%
かわいらしいキャラクターで緩いトークが人気のバーチャルユーチューバー
8%
ピンクの子
8%
声でかい子
0%
この人?
0%
そういうの
0%
インフルエンサー
0%
令和の萌起こし
0%
有能プレゼンター
0%
アイドル
0%
仮想アイドル
0%
しゅうおうさんご
0%
周央サンゴとかいうの
0%
周央サンゴとかいうやつ
0%
キャラクターを使って動画を配信するバーチャルユーチューバー
0%
アニメキャラクターのような外見と設定を持つ動画投稿者・配信者
0%
二次元キャラ
0%
アニメキャラ
0%
人気キャラ
0%
ネットのキャラ
0%
ネットで人気のキャラ
0%
人気アニメ
0%
ピンク頭
0%
アニメ系のユーチューバー美少女キャラ
0%
にじさんじのキャラクター
0%
みさなま~の人
0%
面白い人
0%
へんな人
0%
クランキーのやつ
0%
漫画の中の人
0%
インターネット女
0%
ウマ娘
0%
アバター
0%
0%
推し
0%
文化
0%
嘘つき
0%
架空のキャラを使って動画を配信するVチューバー
0%
Vの人
0%
Virtual Video host
0%
あのVtuberちゃん
0%
動画投稿サイト、YouTubeなどで人気の美少女キャラ
0%
弟が好きなYouTubeの配信の人
0%
No matching quizzes found
Score Distribution
Percent of People with Each Score
Percentile by Number Answered
Your Score History
You have not taken this quiz